[Event "45th Olympiad 2024"]
[Site "Budapest HUN"]
[Date "2024.09.12"]
[Round "2.15"]
[Board "2"]
[White "Rodriguez Vila, Andres"]
[Black "Ivanchuk, Vasyl"]
[Result "0-1"]
[WhiteElo "2417"]
[BlackElo "2635"]
[PlyCount "64"]
[EventDate "2024.09.11"]
[WhiteTeam "Uruguay"]
[BlackTeam "Ukraine"]
[WhiteTeamCountry "URU"]
[BlackTeamCountry "UKR"]

1. e4 c5 2. Nf3 d6 3. d4 cxd4 4. Nxd4 Nf6 5. Nc3 a6 6. h3 e6 7. g4 Nfd7 8. Be3 b5 9. Qd2 Bb7 10. a3 Nb6 ({RR} 10... Nc6 11. f4 Nxd4 12. Bxd4 e5 13. Bf2 exf4 14. Qxf4 Be7 15. h4 Ne5 16. Be2 Rc8 17. Rh3 Ng6 18. Qh2 Bf6 19. Rd1 Be5 20. Bg3 Bxg3+ 21. Qxg3 Ne5 22. Kd2 O-O 23. Kc1 Rc5 24. Qe3 Qe7 25. Qd4 {1-0 Bosch Valls,L (2079)-Obregon Garcia,R (2118) ch-CUB w 2024 (10.1)}) 11. O-O-O N8d7 12. Kb1 Rc8 $146 ({RR} 12... Ne5 13. f4 Nec4 14. Qe1 Rc8 15. Bc1 Qc7 16. Rd3 Be7 17. b3 Na5 18. Bb2 O-O 19. Rh2 d5 20. e5 b4 21. axb4 Bxb4 22. Qh4 Nc6 23. Nce2 Rfe8 24. Nxc6 Bxc6 25. Nd4 Bb5 26. Nxb5 axb5 27. f5 {1-0 Kovacevic,A (2489)-Holtel,J (2179) GER CupT 1718 prel4 2018 (2.1)}) 13. Bg5 Qc7 14. f4 h5 15. gxh5 Rxh5 16. h4 Nc4 17. Bxc4 Qxc4 18. Rh3 Nf6 19. f5 e5 20. Bxf6 gxf6 21. Nb3 b4 22. axb4 Bxe4 23. Na5 Qxb4 24. Qe2 Bxf5 25. Qxh5 Bg4 26. Qh8 Bxh3 27. Nb3 Be6 28. Qxf6 a5 29. Na2 Qe4 30. Nc3 Rxc3 31. bxc3 Bxb3 32. Qf2 Qa4 0-1

[Event "45th Olympiad 2024"]
[Site "Budapest HUN"]
[Date "2024.09.12"]
[Round "2.17"]
[Board "1"]
[White "Martirosyan, Haik M."]
[Black "Henderson de La Fuente, Lance"]
[Result "1-0"]
[WhiteElo "2667"]
[BlackElo "2519"]
[PlyCount "201"]
[EventDate "2024.09.11"]
[WhiteTeam "Armenia"]
[BlackTeam "Andorra"]
[WhiteTeamCountry "ARM"]
[BlackTeamCountry "AND"]

1. d4 Nf6 2. c4 g6 3. Nc3 Bg7 4. e4 d6 5. Be2 O-O 6. Be3 Nc6 7. d5 Ne5 8. Nf3 ({RR} 8. f4 Neg4 9. Bd2 Nh6 10. Nf3 c6 11. h3 b5 12. a3 bxc4 13. dxc6 d5 14. e5 Ne4 15. g4 Qb6 16. Qc2 Nxd2 17. Qxd2 Kh8 18. O-O-O Rb8 19. Nxd5 Qxc6 20. Nxe7 Qb7 21. Nd5 Be6 22. Nc3 f6 {½-½ LCZero 0.31-dag-5350a2e-BT4-6 (3631)-Stockfish dev-20240728-2343f7 (3662) TCEC 26 Balanced Lines 2024 (39.1)}) 8... Nxf3+ 9. Bxf3 Nd7 ({RR} 9... e6 10. O-O Nd7 11. Rc1 a6 12. dxe6 fxe6 13. Qd2 b6 14. Bg4 Ne5 15. Be2 Bb7 16. b4 Nd7 17. f3 Be5 18. Bg5 Bf6 19. Bh6 Bg7 20. Bxg7 Kxg7 21. f4 a5 22. a3 axb4 23. axb4 e5 24. f5 {1-0 Stremavicius,T (2543)-Nurkiewicz,M (2333) 49th Seville Open 2024 (5.4)}) 10. O-O a5 $146 ({RR} 10... e5 11. dxe6 fxe6 12. Rc1 a5 13. b3 Qe7 14. g3 Ne5 15. Bg2 Nc6 16. h4 Bd7 17. Nb5 Be8 18. Qd2 Ne5 19. Qe2 c6 20. Nc3 Nd7 21. Rfd1 Rd8 22. Bh3 e5 23. Qd2 Rf6 24. Bg5 Nc5 25. Bg2 {0-1 Bronstein,O (2463)-Naroditsky,D (2618) Titled Tue 25th Apr Late 2023 (7)}) 11. Be2 b6 12. Rc1 Nc5 13. Bd4 Bxd4 14. Qxd4 e5 15. dxe6 fxe6 16. e5 Bb7 17. exd6 Qxd6 18. Qxd6 cxd6 19. Rfd1 Rad8 20. Rd4 e5 21. Rd2 Kf7 22. Re1 Ke7 23. Bd1 g5 24. Re3 h6 25. b3 Bc6 26. Bc2 Rf6 27. h3 Rf4 28. f3 Rff8 29. a3 Rc8 30. Kh2 h5 31. b4 Ne6 32. Be4 h4 33. Bxc6 Rxc6 34. Nd5+ Kf7 35. bxa5 bxa5 36. Rb3 Rfc8 37. Rb7+ Nc7 38. Ra7 Kf8 39. Nf6 Ke7 40. Nd5+ Kf8 41. Ne3 Ra8 42. Rxa8+ Nxa8 43. Nf5 Nb6 44. Rxd6 Rxd6 45. Nxd6 Ke7 46. c5 Ke6 47. Nb7 Nc4 48. c6 Nxa3 49. Nxa5 Kd6 50. Kg1 Kc7 51. Kf2 Kb6 52. Kf1 Nc2 53. Nc4+ Kxc6 54. Nxe5+ Kd5 55. Nf7 Ke6 56. Nxg5+ Kf5 57. Ne4 Kf4 58. Kf2 Nd4 59. Nc5 Nc2 60. Nd3+ Kf5 61. Ke2 Na3 62. Nb4 Nc4 63. Nd5 Ke5 64. Ne3 Nd6 65. Kf2 Kf4 66. Nd5+ Ke5 67. Nc3 Kf5 68. Ne2 Nc4 69. g4+ hxg3+ 70. Kxg3 Ne3 71. h4 Nd5 72. f4 Kg6 73. Nd4 Kh5 74. Nf5 Kg6 75. Nd4 Kh5 76. Ne2 Kg6 77. Kg4 Nf6+ 78. Kh3 Kf5 79. Kg3 Ke4 80. Nc3+ Kd4 81. Nd1 Ke4 82. Nf2+ Kf5 83. Kf3 Nd5 84. Nd3 Nf6 85. Ne1 Kg6 86. Ng2 Kf5 87. Ne3+ Kg6 88. f5+ Kh5 89. Ng2 Ng8 90. Kf4 Kh6 91. Ke5 Kg7 92. Ke6 Nf6 93. Nf4 Ng4 94. h5 Nh6 95. Ng6 Ng4 96. Ne5 Nh6 97. Nd7 Kh7 98. Kf6 Ng4+ 99. Kg5 Ne3 100. f6 Kg8 101. Kg6 1-0

[Event "45th Olympiad 2024"]
[Site "Budapest HUN"]
[Date "2024.09.12"]
[Round "2.18"]
[Board "1"]
[White "Romanov, Evgeny"]
[Black "Deac, Bogdan-Daniel"]
[Result "1/2-1/2"]
[WhiteElo "2567"]
[BlackElo "2680"]
[PlyCount "112"]
[EventDate "2024.09.11"]
[WhiteTeam "North Macedonia"]
[BlackTeam "Romania"]
[BlackTeamCountry "ROU"]

1. c4 e6 2. g3 d5 3. Bg2 Nf6 4. Nf3 d4 5. d3 Nc6 6. O-O Bc5 7. Nbd2 a5 8. Nb3 Be7 9. e3 dxe3 10. Bxe3 O-O 11. Nbd4 $146 ({RR} 11. a4 e5 12. Re1 Bf5 13. d4 e4 14. Nfd2 Bb4 15. h3 Re8 16. Kh2 h6 17. Re2 Bg6 18. Qc2 Bf8 19. Nb1 Nb4 20. Qd2 Nd3 21. Nc3 Qd7 22. Rf1 Bh5 23. f3 exf3 24. Bxf3 Bg6 25. d5 Ne5 {0-1 Donchenko,A (2636)-De Boer,E (2396) Titled Tue 6th Feb Early 2024 (3)}) ({RR} 11. Bc5 Bxc5 12. Nxc5 Qd6 13. d4 Rd8 14. Qb3 Nxd4 15. Nxd4 Qxc5 16. Rad1 Bd7 17. Qxb7 Rab8 18. Qa6 Rxb2 19. Nb3 Qb6 20. Qxb6 cxb6 21. c5 a4 22. c6 axb3 23. axb3 Rxb3 24. Rd2 Kf8 25. Rc1 Ke7 {1-0 Kobo,O (2534)-Sychev,K (2534) Chess.com Rapid Wk17 Swiss 2022 (4)}) 11... Bd7 12. Nb5 e5 13. h3 Qc8 14. Kh2 Rd8 15. Qe2 Re8 16. Rfd1 h6 17. Qf1 Bf8 18. Rac1 Nb4 19. Nc3 c5 20. Nd2 Bc6 21. Nde4 Nd7 22. g4 Qd8 23. a3 Na6 24. f4 exf4 25. Bxf4 Nc7 26. Bg3 Ne6 27. Rc2 Be7 28. Rf2 Bh4 29. Nd5 Bxg3+ 30. Nxg3 Ne5 31. Nf5 Nc7 32. d4 cxd4 33. Rxd4 Nxd5 34. cxd5 Bd7 35. d6 Qb6 36. Rfd2 Ng6 37. Qf2 Re5 38. Ne3 Re6 39. Nc4 Qb5 40. a4 Qc5 41. Rf4 Qxf2 42. Rfxf2 Ne5 43. Bxb7 Nxc4 44. Bxa8 Nxd2 45. Rxd2 Kf8 46. b4 axb4 47. a5 Re3 48. Rb2 Ra3 49. Rxb4 g6 50. Rb8+ Kg7 51. Rd8 Rxa5 52. Bg2 Ra7 53. Bd5 Kf6 54. Kg3 Be6 55. Bxe6 Kxe6 56. Rh8 Ke5 1/2-1/2

[Event "45th Olympiad 2024"]
[Site "Budapest HUN"]
[Date "2024.09.12"]
[Round "2.70"]
[White "Shevchenko, Kirill"]
[Black "Nikolovski, Nikola"]
[Result "1-0"]
[WhiteElo "2673"]
[BlackElo "2388"]
[PlyCount "67"]
[EventDate "2024.09.11"]
[WhiteTeam "Romania"]
[BlackTeam "North Macedonia"]
[WhiteTeamCountry "ROU"]

1. d4 e6 2. Nf3 f5 3. g3 Nf6 4. Bg2 Be7 5. O-O O-O 6. c4 d6 7. Nc3 a5 8. Bf4 ({RR} 8. Qd3 Nc6 9. e4 Nb4 10. Qe2 fxe4 11. Nxe4 Nxe4 12. Qxe4 e5 13. dxe5 Bf5 14. Qxb7 Rb8 15. Qa7 Be4 16. exd6 Bxd6 17. Ng5 Bxg2 18. Kxg2 Qf6 19. Qxa5 Ra8 20. Qb5 c6 21. Qb7 h6 22. Nh3 Qf3+ {½-½ Ekstroem,R (2482)-Williams,S (2527) SUI-ch Graechen 2009 (9)}) 8... Nh5 $146 ({RR} 8... Ne4 9. Rc1 Nxc3 10. Rxc3 Bf6 11. c5 Na6 12. cxd6 cxd6 13. Ne1 Kh8 14. e4 e5 15. dxe5 dxe5 16. Qxd8 Rxd8 17. Be3 Nb4 18. a3 Nc6 19. Bb6 Rd2 20. Rc2 Rd6 21. Bc5 Rd8 22. Bb6 Rd6 23. Bc5 {½-½ Niemela,A (2279)-Lehtivaara,P (2342) FIN-chT 1112 2011 (9.2)}) ({RR} 8... Nc6 9. a3 Nh5 10. Qc2 Bf6 11. Rad1 Qe8 12. Nb5 Qf7 13. d5 e5 14. dxc6 exf4 15. Nfd4 Bxd4 16. Nxd4 bxc6 17. Bxc6 Be6 18. Nxe6 fxg3 19. hxg3 Qg6 20. Bxa8 Rxa8 21. Nd4 Rf8 22. Qd3 Qg5 23. Nf3 {1-0 Mendoza,R (2129)-Osmonbekov,T (2137) Titled Tue 7th Nov Late 2023 (2)}) ({RR} 8... Ne4 9. Nxe4 fxe4 10. Nd2 d5 11. Rc1 c6 12. Be3 Bg5 13. Bxg5 Qxg5 14. e3 Nd7 15. Qe2 e5 16. cxd5 cxd5 17. Qb5 exd4 18. Nxe4 Qe5 19. exd4 Qxd4 20. Rfd1 Qa7 21. Qxd5+ Kh8 22. Rc2 Nb6 23. Qc5 {1-0 Precour,J-Schubert,V Baden Kongress Allgemeines Turnier 1983 (4)}) 9. Bd2 Nd7 10. e4 f4 11. e5 dxe5 12. dxe5 g6 13. Qe2 Nc5 14. Rad1 Bd7 15. Nb5 Bc6 16. Bxa5 Qc8 17. Bb4 Rxa2 18. Nbd4 Be4 19. Bxc5 Bxf3 20. Qxf3 fxg3 21. Bxe7 Rxf3 22. Nxf3 Ra8 23. Rd8+ Qxd8 24. Bxd8 gxh2+ 25. Kxh2 Rxd8 26. Ra1 h6 27. Ra7 g5 28. Rxb7 g4 29. Nh4 Rd2 30. b4 Rxf2 31. Rxc7 Rb2 32. b5 Rb3 33. Ng6 Ng3 34. b6 1-0

[Event "45th Olympiad 2024"]
[Site "Budapest HUN"]
[Date "2024.09.12"]
[Round "2.18"]
[Board "4"]
[White "Parligras, Mircea-Emilian"]
[Black "Zlatkov, Anton"]
[Result "1/2-1/2"]
[WhiteElo "2537"]
[BlackElo "2346"]
[PlyCount "86"]
[EventDate "2024.09.11"]
[WhiteTeam "Romania"]
[BlackTeam "North Macedonia"]
[WhiteTeamCountry "ROU"]

1. d4 Nf6 2. c4 e6 3. Nc3 Bb4 4. e3 O-O 5. Bd3 d5 6. a3 Bxc3+ 7. bxc3 dxc4 8. Bxc4 c5 9. Nf3 Qc7 10. Be2 Nc6 11. O-O Rd8 12. c4 b6 13. Bb2 cxd4 ({RR} 13... Bb7 14. Rc1 Rac8 15. Re1 Ne7 16. Bd3 Be4 17. Bf1 Ng4 18. g3 Ba8 19. Bh3 Nf6 20. d5 Ne4 21. Nd2 Ng5 22. Bg2 exd5 23. Qg4 Ne6 24. cxd5 Bxd5 25. e4 Bb7 26. Nf3 Nc6 27. h4 h6 28. h5 {0-1 Eljanov,P (2695)-Rodshtein,M (2606) World Rapid Team 2023 (4.4)}) ({RR} 13... Ba6 14. Rc1 Rac8 15. Qc2 cxd4 16. exd4 Qf4 17. Rfd1 h6 18. g3 Qe4 19. Qxe4 Nxe4 20. Bd3 Nd6 21. c5 Bxd3 22. Rxd3 Nf5 23. cxb6 axb6 24. Rdc3 Nce7 25. Rc7 Rxc7 26. Rxc7 Rc8 27. Rxc8+ Nxc8 28. Ne5 {0-1 Aravindakshan,S (2003)-Podavonov,A (2140) Marshall Labor Day SchevC 2024 (1.8)}) 14. exd4 Bb7 15. Re1 $146 ({RR} 15. Rc1 Qf4 16. Qc2 Rac8 17. Rfd1 Na5 18. Ne5 Qe4 19. Qxe4 Bxe4 20. f3 Bb7 21. Bc3 Nc6 22. Nxc6 Rxc6 23. Be1 Ba6 24. Rc3 Rdc8 25. Rdc1 Kf8 26. Kf1 Ke7 27. Bh4 Rd8 28. Rd1 h6 29. f4 Rcd6 {½-½ Garcia Gonzales,G (2450)-Debarnot,R (2420) Lanzarote 2nd 1974 (7)}) ({RR} 15. a4 Qf4 16. Ra3 Nb4 17. g3 Qh6 18. Nh4 Nc6 19. Bc1 g5 20. Rd3 Na5 21. d5 Qg7 22. Nf3 exd5 23. Bxg5 Nxc4 24. Rd4 Re8 25. Bxf6 Qxf6 26. Rf4 Qc3 27. Ng5 Re7 28. Bxc4 dxc4 29. Nxf7 Qd3 {1-0 Garcia Martinez,S (2420)-Debarnot,R (2420) Lanzarote 2nd 1974 (11)}) 15... Qf4 16. Qc1 Qxc1 17. Raxc1 Rac8 18. Bf1 Na5 19. Nd2 Ba6 20. Rc2 Ne8 21. Rec1 Nd6 22. d5 exd5 23. cxd5 Rxc2 24. Rxc2 Bxf1 25. Kxf1 f6 26. Rc3 Nb5 27. Rd3 Nb7 28. Ne4 Nc5 29. Nxc5 bxc5 30. a4 Nd4 31. Ba3 Rxd5 32. Bxc5 Rxc5 33. Rxd4 Rc7 34. Rd6 Kf7 35. Ra6 Ke7 36. Ke2 Kd7 37. Kd3 Kc8 38. h4 Rd7+ 39. Kc4 Re7 40. f3 Kb7 41. Rd6 Kc7 42. Ra6 Kb7 43. Rd6 Kc7 1/2-1/2

[Event "45th Olympiad 2024"]
[Site "Budapest HUN"]
[Date "2024.09.12"]
[Round "2.19"]
[Board "1"]
[White "Nguyen, Thai Dai Van"]
[Black "Amartuvshin, Ganzorig"]
[Result "1-0"]
[WhiteElo "2647"]
[BlackElo "2402"]
[PlyCount "108"]
[EventDate "2024.09.11"]
[WhiteTeam "Czech Republic"]
[BlackTeam "Mongolia"]
[WhiteTeamCountry "CZE"]
[BlackTeamCountry "MGL"]

1. c4 Nf6 2. Nf3 e6 3. g3 d5 4. Bg2 dxc4 5. Qa4+ Nbd7 6. Qxc4 c5 7. Qb3 Bd6 8. O-O e5 $146 ({RR} 8... Rb8 9. Nc3 a6 10. a4 b6 11. Rd1 Bb7 12. d4 O-O 13. Ng5 Bxg2 14. Kxg2 Qc7 15. Nce4 Nxe4 16. Nxe4 cxd4 17. Rxd4 Be5 18. Rc4 Qb7 19. Qf3 b5 20. axb5 Qxb5 21. Rc6 Bxb2 22. Nd6 Qe5 23. Raxa6 {½-½ Meskovs,N (2459)-Bernotas,A (2329) LAT-ch Riga 2016 (6)}) ({RR} 8... Rb8 9. Nc3 a6 10. d4 b5 11. dxc5 Nxc5 12. Qc2 Bb7 13. Rd1 Rc8 14. Bf4 Nce4 15. Ng5 e5 16. Bxe4 {1-0 Duda,J (2733)-Erigaisi,A (2778) chess.com SpeedChess 2024 (1.9)}) ({RR} 8... O-O 9. Nc3 e5 10. d3 Nb6 11. Bg5 h6 12. Bxf6 Qxf6 13. Ne4 Qd8 14. Rfc1 Be6 15. Qb5 Rc8 16. Nxc5 Bd5 17. Nd2 Bxg2 18. Kxg2 Qe7 19. Na4 Nxa4 20. Qxa4 a6 21. Qb3 Kh8 22. Qd5 Rcd8 23. Rc2 {1-0 Hakki,I (2380)-Rodgaard,J (2375) Olympiad-32 Yerevan 1996 (14.1)}) 9. d3 O-O 10. a4 h6 11. a5 Nb8 12. Nfd2 Nc6 13. a6 Rb8 14. Qd1 Qd7 15. axb7 Bxb7 16. Nc3 a6 17. Nc4 Nb4 18. Qa4 Qe6 19. Be3 Bxg2 20. Kxg2 Be7 21. f3 Nd7 22. Rfc1 f5 23. Nd2 Kh7 24. Qd1 Nb6 25. Bf2 Rfc8 26. Na4 Nxa4 27. Rxa4 Nd5 28. Nc4 f4 29. g4 Rc6 30. Rca1 h5 31. h3 Rh8 32. Na5 Rcc8 33. Nc4 Rc6 34. Qb3 Rd8 35. Qc2 Nb4 36. Qc1 Rb8 37. Na5 Rcb6 38. Nc4 Rc6 39. Na5 Rcb6 40. Qc4 Qg6 41. Rc1 Rb5 42. Qe4 Qxe4 43. fxe4 f3+ 44. Kxf3 Rf8+ 45. Kg3 Bh4+ 46. Kxh4 Rxf2 47. Nc4 Rxe2 48. Ra3 Rg2 49. gxh5 Nc6 50. Rxa6 g5+ 51. hxg6+ Rxg6 52. Rf1 Rh6+ 53. Kg3 Rb7 54. Nd2 Rd7 1-0

[Event "45th Olympiad 2024"]
[Site "Budapest HUN"]
[Date "2024.09.12"]
[Round "2.19"]
[Board "3"]
[White "Krejci, Jan2"]
[Black "Baasansuren, Erdene"]
[Result "1/2-1/2"]
[WhiteElo "2556"]
[BlackElo "2368"]
[PlyCount "105"]
[EventDate "2024.09.11"]
[WhiteTeam "Czech Republic"]
[BlackTeam "Mongolia"]
[WhiteTeamCountry "CZE"]
[BlackTeamCountry "MGL"]

1. c4 Nf6 2. Nc3 e6 3. d4 Bb4 4. Nf3 d5 5. Qa4+ Nc6 6. e3 O-O 7. Bd2 dxc4 8. Bxc4 Bd6 9. Qc2 e5 10. dxe5 Nxe5 11. Be2 ({RR} 11. Nxe5 Bxe5 12. f4 Bxc3 13. Bxc3 Ng4 14. Bd4 c5 15. Bxc5 Re8 16. O-O Nxe3 17. Bxe3 Rxe3 18. Qf2 Re8 19. Rad1 Qc7 20. Rc1 Qd6 21. f5 Qf6 22. Bb3 Bd7 23. Rc7 Re7 24. Rxb7 a5 25. Rb6 Qg5 {1-0 Andreikin,D (2724)-Carlsen,M (2872) Wch Blitz Moscow 2019 (7)}) 11... Qe7 $146 ({RR} 11... Nxf3+ 12. gxf3 a6 13. O-O-O b5 14. Rhg1 b4 15. Ne4 Nxe4 16. fxe4 Qe7 17. f4 a5 18. e5 Bc5 19. Rg5 Ba6 20. Rdg1 g6 21. Bxa6 Rxa6 22. f5 Ba7 23. e6 Kh8 24. Kb1 gxf5 25. Bxb4 Qxb4 26. Qg2 {1-0 Gukesh,D (2684)-Sargissian,G (2698) Olympiad-44 Chennai 2022 (6.1)}) ({RR} 11... c6 12. Nd4 Qe7 13. Nf5 Bxf5 14. Qxf5 Rad8 15. O-O Bc7 16. Rfd1 Nd3 17. Bxd3 g6 18. Qf3 Rxd3 19. Qe2 Rfd8 20. Be1 Rxd1 21. Rxd1 Rxd1 22. Nxd1 h5 23. b3 Nd5 24. g3 Be5 25. Nb2 Bf6 26. Nc4 {0-1 Gukesh,D (2763)-Caruana,F (2796) SuperUnited CRO Rapid 2024 (7.1)}) ({RR} 11... Re8 12. O-O-O Qe7 13. h3 Nc6 14. a3 a5 15. Ng5 Nb4 16. axb4 axb4 17. Bc4 bxc3 18. Bxc3 Be6 19. Bxf6 Qxf6 20. Qxh7+ Kf8 21. Nxe6+ fxe6 22. f4 Ra5 23. Qe4 Ra4 24. Qc2 Rea8 25. Bb3 R4a5 26. Qe4 {1-0 Aghamaliyev,C (2485)-Samani,Y (2339) TUR-chT Ankara 2022 (6.6)}) 12. Ng5 g6 13. h3 h6 14. Nf3 Bf5 15. e4 Nxe4 16. Nxe4 Nc6 17. Bd3 Bxe4 18. Bxe4 Rfe8 19. O-O-O Qxe4 20. Qxe4 Rxe4 21. Bxh6 Bc5 22. Rd2 Rae8 23. Bg5 Re2 24. Rf1 Rxd2 25. Kxd2 Nd4 26. Nxd4 Bxd4 27. Kd3 c5 28. b4 Kg7 29. a4 f6 30. bxc5 Bxc5 31. Rc1 Rd8+ 32. Ke2 Re8+ 33. Kf3 Re5 34. Bf4 Rd5 35. Rc4 Kf7 36. h4 b6 37. g4 g5 38. hxg5 fxg5 39. Bc1 Kg6 40. Ke4 Rd7 41. Be3 Re7+ 42. Kd3 Rd7+ 43. Ke4 Re7+ 44. Kd3 Rd7+ 45. Kc3 Rd5 46. Bxc5 bxc5 47. Re4 Kf6 48. Kc4 Re5 49. Re3 Ke6 50. a5 Kd6 51. a6 Rd5 52. Re4 Rd1 53. f4 1/2-1/2

[Event "45th Olympiad 2024"]
[Site "Budapest HUN"]
[Date "2024.09.12"]
[Round "2.20"]
[Board "1"]
[White "Murphy, Conor E"]
[Black "Rodshtein, Maxim"]
[Result "0-1"]
[WhiteElo "2453"]
[BlackElo "2600"]
[PlyCount "102"]
[EventDate "2024.09.11"]
[WhiteTeam "Ireland"]
[BlackTeam "Israel"]
[WhiteTeamCountry "IRL"]
[BlackTeamCountry "ISR"]

1. e4 c5 2. Nf3 d6 3. d4 cxd4 4. Nxd4 Nf6 5. Nc3 a6 6. Rg1 e5 7. Nb3 h5 8. Bg5 Be6 ({RR} 8... Be7 9. Bxf6 Bxf6 10. Qd3 Bg5 11. Rd1 Be7 12. g3 Be6 13. Nd5 Nc6 14. c3 h4 15. Kd2 Rc8 16. Kc1 Bg5+ 17. Kb1 Ne7 18. f4 Bxd5 19. exd5 Bf6 20. Bh3 Rc7 21. Bg4 Ng6 22. Rgf1 Re7 23. Nd2 {1-0 Carlsen,M (2839)-So,W (2753) chess.com SpeedChess 2023 (3.11)}) 9. Qd3 Nbd7 10. O-O-O Be7 11. g3 $146 ({RR} 11. Kb1 Rc8 12. Bxf6 Nxf6 13. Nd5 Nxd5 14. exd5 Bd7 15. Be2 g6 16. g4 hxg4 17. Bxg4 f5 18. Be2 Kf7 19. Rg2 Rh4 20. Rdg1 g5 21. Nd2 Qc7 22. f4 Rxf4 23. Qh3 Qxc2+ 24. Ka1 g4 25. Qh7+ Ke8 {0-1 Danielyan,V (2332)-Hayrapetyan,H (2499) Yerevan Margaryan Memorial-A 2022 (6)}) ({RR} 11. Kb1 Rc8 12. Be2 b5 13. a3 Qb6 14. Be3 Qb7 15. Nd5 Bxd5 16. exd5 Nb6 17. Bf3 Nc4 18. h3 e4 19. Bxe4 Ne5 20. Qe2 Nxe4 21. Bf4 Nf6 22. Bxe5 dxe5 23. d6 Bd8 24. Qxe5+ Kf8 25. Nc5 Qc6 {½-½ Hansen,E (2610)-Ebrahimi Herab,H (2333) Titled Tue 4th Jun Late 2024 (10)}) 11... Rc8 12. f4 Qc7 13. Kb1 b5 14. Bxf6 Nxf6 15. Nd5 Nxd5 16. exd5 Bg4 17. Be2 Bf6 18. Rge1 Kf8 19. fxe5 Bxe5 20. Rd2 Bd7 21. Nd4 Re8 22. Bf3 g6 23. Nc6 Kg7 24. Rde2 Bf6 25. Rxe8 Rxe8 26. Rxe8 Bxe8 27. Qe3 Qc8 28. a3 Qh3 29. Qe2 Bd7 30. Ka2 Qf5 31. Nb8 Bc8 32. Nc6 h4 33. g4 Qf4 34. h3 Qg3 35. Bg2 Bg5 36. c3 Be3 37. Bf1 Qf4 38. Bg2 Bd7 39. Nb4 Bc8 40. Nd3 Qg5 41. Nb4 Qf4 42. Nd3 Qg3 43. Bf3 Bg5 44. Bg2 f5 45. gxf5 Bxf5 46. Nb4 Bxh3 47. Bxh3 Qxh3 48. Nxa6 Qc8 49. Qg2 Bf6 50. Nb4 h3 51. Qf3 h2 0-1

[Event "45th Olympiad 2024"]
[Site "Budapest HUN"]
[Date "2024.09.12"]
[Round "2.21"]
[Board "1"]
[White "Le, Quang Liem"]
[Black "Mohammad Fahad, Rahman"]
[Result "1-0"]
[WhiteElo "2741"]
[BlackElo "2419"]
[PlyCount "67"]
[EventDate "2024.09.11"]
[WhiteTeam "Vietnam"]
[BlackTeam "Bangladesh"]
[WhiteTeamCountry "VIE"]
[BlackTeamCountry "BAN"]

1. c4 e6 2. Nf3 d5 3. e3 Nf6 4. Nc3 c6 5. b3 Bd6 6. Bb2 O-O 7. Be2 b6 8. Qc2 Bb7 9. Rg1 e5 10. g4 Na6 11. g5 Nd7 12. a3 Rc8 $146 ({RR} 12... Nc7 13. h4 Qe7 14. h5 f5 15. gxf6 Rxf6 16. Ng5 Nf8 17. Bd3 h6 18. Nh7 Nxh7 19. Bxh7+ Kh8 20. Bg6 Raf8 21. Rg2 Rf3 22. Ne2 Qf6 23. O-O-O Rxf2 24. Rxf2 Qxf2 25. Nc3 Ne6 26. Kb1 Qg2 27. b4 {0-1 Hilby,C (2454)-Mishra,A (2370) Charlotte CCCSA Spring GM 2021 (9)}) ({RR} 12... e4 13. Nd4 Nac5 14. f4 exf3 15. Nxf3 Re8 16. cxd5 cxd5 17. Nb5 Bf8 18. Nbd4 Ne4 19. Rc1 Rc8 20. Qb1 Ne5 21. h4 Nxf3+ 22. Bxf3 Rxc1+ 23. Qxc1 Qd7 24. Bg4 Qd6 25. Rg2 Nc5 26. Qc3 Qe5 27. Qc2 {½-½ Lupulescu,C (2587)-Lamard,G (2490) TCh-FRA Top 16 Haute 2024 (1.27)}) 13. h4 e4 14. Nd4 Ne5 15. f4 exf3 16. Nxf3 Nxf3+ 17. Bxf3 Qe7 18. h5 Rfd8 19. Bg4 Rc7 20. Bf5 d4 21. Ne4 Be5 22. O-O-O Kh8 23. h6 g6 24. exd4 Rxd4 25. Rge1 c5 26. Nf6 Bf3 27. Bg4 Bxd1 28. Kxd1 Nb8 29. Bxd4 cxd4 30. Qe4 Bxf6 31. gxf6 Qf8 32. Qf4 Rc5 33. Re7 Nc6 34. Qe4 1-0

[Event "45th Olympiad 2024"]
[Site "Budapest HUN"]
[Date "2024.09.12"]
[Round "2.21"]
[Board "2"]
[White "Manon, Reja Neer"]
[Black "Le, Tuan Minh"]
[Result "0-1"]
[WhiteElo "2417"]
[BlackElo "2564"]
[PlyCount "132"]
[EventDate "2024.09.11"]
[WhiteTeam "Bangladesh"]
[BlackTeam "Vietnam"]
[WhiteTeamCountry "BAN"]
[BlackTeamCountry "VIE"]

1. e4 c5 2. Nf3 e6 3. d4 cxd4 4. Nxd4 Nf6 5. Nc3 Nc6 6. Bf4 Bc5 7. Ndb5 O-O 8. Be2 a6 9. Bc7 Qe7 10. Bd6 Bxd6 11. Nxd6 Ne8 12. Nxe8 Rxe8 13. O-O Qb4 $146 ({RR} 13... b5 14. a3 Bb7 15. f4 Qc5+ 16. Kh1 Nd4 17. Bd3 f5 18. Re1 g6 19. Qd2 Nc6 20. Re3 Re7 21. Rae1 Rae8 22. Rg3 Kh8 23. h4 Qd4 24. h5 Rg7 25. Ree3 Reg8 26. Qe1 g5 27. e5 Qxf4 28. Qd1 {0-1 Xhuveli,D (1494)-Stefan,V (2102) GRE-ch U16 Rio 2018 (6)}) ({RR} 13... b5 14. a3 Bb7 15. f4 f5 16. exf5 exf5 17. Bf3 Rab8 18. Qd5+ Qe6 19. Rad1 Rbd8 20. Rfe1 Qxd5 21. Nxd5 Rxe1+ 22. Rxe1 Kf7 23. c3 Re8 24. Rd1 Ne7 25. Nc7 Bxf3 26. gxf3 Rd8 27. Nxa6 Nc6 28. Rd5 {1-0 Erdogdu,M (2329)-Shterenberg,B Internet Section 14-B blitz 2003 (1)}) 14. Rb1 b5 15. Qd2 Qd4 16. Rbd1 Qxd2 17. Rxd2 Ra7 18. a4 b4 19. Nd1 Na5 20. Ne3 Kf8 21. Rfd1 Ke7 22. Rd6 b3 23. c3 Nb7 24. R6d4 Nc5 25. Nc4 Rc7 26. Nd6 Rf8 27. Rc4 Kd8 28. e5 f6 29. f4 a5 30. Rd2 Nb7 31. Nb5 Rxc4 32. Bxc4 fxe5 33. fxe5 Nc5 34. Nd4 Kc7 35. Nxb3 Rf4 36. Nxa5 Kb6 37. g3 Re4 38. b4 Re1+ 39. Bf1 Nxa4 40. Kf2 Rc1 41. c4 Rb1 42. c5+ Ka7 43. c6 Nb6 44. b5 Kb8 45. Nc4 Rxf1+ 46. Kxf1 Nxc4 47. Rf2 Nxe5 48. Rf8 dxc6 49. bxc6 g6 50. Rg8 h5 51. Ke2 Kc7 52. Ke3 Ng4+ 53. Kd2 Nxh2 54. Rxg6 Kxc6 55. Ke3 Ng4+ 56. Kf4 Kd5 57. Kg5 e5 58. Rg8 Be6 59. Rd8+ Kc5 60. Kxh5 e4 61. Kg5 e3 62. Rd1 Nf2 63. Ra1 Nd3 64. Kf6 Bh3 65. Ra2 Bg4 66. Kg5 e2 0-1

[Event "45th Olympiad 2024"]
[Site "Budapest HUN"]
[Date "2024.09.12"]
[Round "2.21"]
[Board "3"]
[White "Tran, Tuan Minh"]
[Black "Hossain, Enamul"]
[Result "1-0"]
[WhiteElo "2434"]
[BlackElo "2354"]
[PlyCount "79"]
[EventDate "2024.09.11"]
[WhiteTeam "Vietnam"]
[BlackTeam "Bangladesh"]
[WhiteTeamCountry "VIE"]
[BlackTeamCountry "BAN"]

1. c4 e6 2. Nc3 d5 3. d4 a6 4. Nf3 Nf6 5. c5 b6 6. cxb6 c5 7. Bf4 Bd6 8. Bxd6 Qxd6 9. dxc5 Qxc5 10. Rc1 $146 ({RR} 10. Qd4 Qd6 11. Rc1 Nbd7 12. e3 O-O 13. Be2 e5 14. Qd2 Nxb6 15. O-O Bb7 16. Rfd1 Rfc8 17. Qc2 Rab8 18. Qf5 Nbd7 19. Rc2 g6 20. Qg5 Kg7 21. Rcd2 h6 22. Qg3 Qe6 23. Ne1 Rxc3 24. bxc3 Ne4 {0-1 Subrota,B (2282)-Sengupta,D (2527) Dhaka Year Long GM 1st 2021 (6)}) ({RR} 10. Qd4 Qd6 11. e4 Nc6 12. Qa4 O-O 13. exd5 exd5 14. Be2 Rb8 15. O-O Rxb6 16. Rad1 Rxb2 17. Bxa6 Bg4 18. Be2 Re8 19. h3 Bd7 20. Bb5 Rb4 21. Qa3 Qb8 22. Nxd5 Nxd5 23. Rxd5 Rxb5 24. Rxd7 Rb1 {1-0 Waldhausen Gordon,F (2351)-Samunenkov,I (2533) Titled Tue 3rd Sep Early 2024 (11)}) ({RR} 10. Qd4 Qd6 11. e3 Nc6 12. Qa4 O-O 13. Rc1 Bd7 14. Be2 Rfb8 15. O-O Rxb6 16. b3 e5 17. Rfd1 h6 18. h3 Re8 19. Qh4 Ne7 20. Qg3 Ng6 21. Nh4 Nxh4 22. Qxh4 Rb4 23. Qg3 Be6 24. Bf3 Rd8 {1-0 Postlmayer,J (2282)-Goldbeck,L (2272) 2nd Bundesliga Ost 22-23 2022 (2.6)}) 10... Nbd7 11. e4 dxe4 12. Nxe4 Qb4+ 13. Ned2 O-O 14. a3 Qxb6 15. Nc4 Qb8 16. Be2 Nb6 17. Na5 Nbd5 18. b4 Bb7 19. O-O Nf4 20. Nxb7 Qxb7 21. Bc4 Rfd8 22. Qb3 Ng4 23. Rfe1 Rd2 24. Bf1 Rxf2 25. Qc4 g5 26. Re4 Qb8 27. Qc7 Qxc7 28. Rxc7 Rd8 29. Re1 Ra2 30. h3 Nh6 31. Nxg5 Rdd2 32. Re4 Nxg2 33. Nxe6 fxe6 34. Rxe6 Nf7 35. Re8+ Kg7 36. Ree7 Nh4 37. Rxf7+ Kg8 38. Rf4 Ng6 39. Re4 Rf2 40. Re8+ 1-0